The Hindu Succession Act, 1956 / (Record no. 81999)

MARC details
000 -LEADER
fixed length control field 00513nam a22001937a 4500
005 - DATE AND TIME OF LATEST TRANSACTION
control field 20140129110851.0
010 ## - LCCN (DPL NO)
LC control number ENG-109169
020 ## - INTERNATIONAL STANDARD BOOK NUMBER
International Standard Book Number 9788171772735
Terms of availability 695.00
035 ## - SYSTEM CONTROL NUMBER
System control number EN-92656
037 ## - SOURCE OF ACQUISITION
Source of stock number/acquisition DBAD/PUB
100 ## - MAIN ENTRY--PERSONAL NAME
Personal name Kader, S.A.
245 ## - TITLE STATEMENT
Title The Hindu Succession Act, 1956 /
Statement of responsibility, etc by S.A. Kader
250 ## - EDITION STATEMENT
Edition statement 2nd ed
260 ## - PUBLICATION, DISTRIBUTION, ETC. (IMPRINT)
Place of publication, distribution, etc Kolkata
Name of publisher, distributor, etc Eastern Law House
Date of publication, distribution, etc 2014
270 ## - ADDRESS
Address 54 Ganesh Chunder Avenue
City Kolkata
Postal code 700013
300 ## - PHYSICAL DESCRIPTION
Extent 538p.
Dimensions 22cm(Hb)
500 ## - GENERAL NOTE
General note Includes index
942 ## - ADDED ENTRY ELEMENTS (KOHA)
Source of classification or shelving scheme Dewey Decimal Classification
Item type English Books
Call number suffix KAD
Holdings
Withdrawn status Lost status Not for loan Collection code Home library Current library Date acquired Source of acquisition Cost, normal purchase price Full call number Barcode Copy number Cost, replacement price Koha item type
    Not For Loan Non-fiction D.B.Act.Division Bawana 20/01/2014 DBAD 695.00 KAD EN-92702 1 695.00 English Books

© Delhi Public Library
Hit Counter
free hit counter